Landy w Niemczech w kolejności alfabetycznej - Statystyki

Ogólne statystyki
  • Ten quiz został rozwiązany 11 razy
  • Średni wynik to 13 z 16
Statystyki odpowiedzi
Kraj Związkowy (Land) % Poprawnych
Bawaria
100%
Badenia-Wirtembergia
90%
Brandenburgia
90%
Dolna Saksonia
90%
Berlin
80%
Brema
80%
Hamburg
80%
Hesja
80%
Meklemburgia-Pomorze Przednie
80%
Nadrenia-Palatynat
70%
Nadrenia Północna-Westfalia
70%
Saara
70%
Saksonia
70%
Saksonia-Anhalt
70%
Szlezwik-Holsztyn
70%
Turyngia
70%
Nie znaleziono quizów pasujących do podanych kryteriów
Rozkład punktacji
Procent ludzi z każdym wynikiem
Percentyl według liczby udzielonych odpowiedzi
Twoja historia wyników
Nie rozwiązałeś tego quizu